000 00284nam a2200121Ia 4500
008 191201s2011 xx 000 0 und d
100 _aMISHRA, Anil
245 0 _aSummer Internship Simplified
260 _aN. Delhi
_bBiztantra
_c2011
300 _a288
650 _aBBA
942 _2ddc
_cBK
999 _c114
_d114